000 00414 a2200133 4500
001 57694
082 _a80278
090 _c35375
_d35375
245 _aBasic AC circuits -lesson 13 ; Complex RLC circuit analysis, 27:15 min [ vido cassette]
260 _aWI
_bWisconsin Technical college sys fundation
500 _aCD/DVD video cassette
505 _aAvionics
610 _aWisconsin Technical college sys fundation
942 _aNUST-CAE
_k80278
999 _c292767
_d292767